HELLDIVERS II: Strategems - Statistics

General Stats
  • This quiz has been taken 181 times
    172 since last reset
  • The average score is 22 of 87
Answer Stats
Answer % Correct
Eagle 500kg Bomb
83%
MG-43 Machine Gun
67%
MG-206 Heavy Machine Gun
53%
Eagle Napalm Airstrike
52%
EAT-17 Expendable Anti-Tank
51%
M-105 Stalwart
51%
AC-8 Autocannon
47%
Eagle Airstrike
47%
Orbital Laser
47%
Eagle Strafing Run
46%
Hellbomb
44%
Orbital Napalm Barrage
43%
Orbital Precision Strike
42%
A/G-16 Gatling Sentry
41%
GR-8 Recoilless Rifle
41%
FLAM-40 Flamethrower
40%
LAS-99 Quasar cannon
40%
Orbital 380mm HE Barrage
38%
AX/AR-23 "Guard Dog"
37%
B-100 Portable Hellbomb
37%
Eagle Cluster Bomb
37%
Eagle Smoke Strike
35%
EXO-45 Patriot Exosuit
35%
A/M-12 Mortar Sentry
33%
FAF-14 Spear
33%
GL-21 Grenade Launcher
33%
LAS-98 Laser Cannon
33%
Orbital 120mm HE Barrage
33%
A/AC-8 Autocannon Sentry
32%
RS-422 Railgun
32%
A/MLS-4X Rocket Sentry
31%
Orbital Gas Strike
31%
Eagle 110mm Rocket Pods
30%
Orbital Railcannon Strike
30%
Orbital Smoke Strike
30%
A/LAS-98 Laser Sentry
28%
APW-1 Anti-Material Rifle
28%
EXO-49 Emancipator Exosuit
28%
LIFT-850 Jump Pack
28%
Resupply
27%
MLS-4X Commando
26%
Orbital EMS Strike
26%
Orbital Gatling Barrage
26%
Orbital Walking Barrage
25%
LIFT-182 Warp Pack
22%
LIFT-860 Hover Pack
22%
Reinforce
22%
CQC-1 One True Flag
21%
M-102 Fast Recon Vehicle
21%
MD-17 Anti-Tank Mines
21%
SOS Beacon
21%
A/MG-43 Machine Gun Sentry
20%
A/FLAM-40 Flame Sentry
19%
A/M-23 EMS Mortar Sentry
17%
B-1 Supply Pack
17%
S-11 Speargun
17%
Orbital Airburst Strike
16%
PLAS-45 Epoch
16%
A/ARC-3 Tesla Tower
15%
E/AT-12 Anti-Tank Emplacement
15%
EAT-700 Expendable Napalm
15%
MD-8 Gas Mines
15%
ARC-3 Arc Thrower
14%
E/MG-101 HMG Emplacement
14%
Super Earth Flag
14%
TX-31 Sterilizer
14%
MD-14 Incendiary Mines
12%
MS-11 Solo Silo
12%
SH-20 Ballistic Shield Backpack
12%
SSSD Delivery
12%
AX/LAS-5 "Guard Dog" Rover
11%
AX/TX-13 "Guard Dog" Dog Breath
11%
RL-77 Airburst Rocket Launcher
11%
StA-X3 W.A.S.P. Launcher
10%
AX/ARC-3 "Guard Dog" K9
9%
SEAF Artillery
9%
SH-32 Shield Generator Pack
7%
Eagle Rearm
5%
FX-12 Shield Generator Relay
5%
GL-52 De-Escalator
5%
Hive Breaker Drill
4%
Upload Data
4%
E/GL-21 Grenadier Battlement
2%
Prospecting Drill
2%
SH-51 Directional Shield
2%
Seismic Probe
1%
MD-6 Anti-Personnel Minefield
0%
No matching quizzes found
Score Distribution
Percent of People with Each Score
Percentile by Number Answered
Your Score History
You have not taken this quiz since the last reset